000 01560nam0a2200349 4500
001 RU\NLR\bibl\1142530
005 20250615074129.0
010 _a3-432-06506-7
035 _a(NLR Aleph) 001129380
090 _a1348150
_c1348150
100 _a20071018d2005 |||y0rusy50 ca
101 0 _arus
_ager
102 _aRU
105 _aa |||||||||
200 1 _aКарл Фридрих фон Вибекинг и строительное дело в России
_dCarl Friedrich von Wiebeking und das Bauwesen in Russland
_eк истории русско-немецких архитектурных связей 1800-1840
_fС.Г. Федоров
_zger
210 _aBerlin
_aMunchen
_cDeutscher Kunstverlag
_d2005
215 _a224 с.
_cил.
_d24
300 _aЗагл. обл. на нем. яз.
300 _aАвт. также на нем. яз.: Sergej G. Fedorov
300 _aТекст парал. на рус. и нем. яз.
320 _aБиблиогр. в тексте
512 1 _6z17790
_aCarl Friedrich von Wiebeking und das Bauwesen in Russland
600 1 _aВибекинг
_bК.Ф.ф.
_f1762 - 1842
_gКарл Фридрих фон
_92510609
_3RU\NLR\auth\661488372
686 _aЩ113(4Г)5-8Вибекинг
700 1 _aФедоров
_bС. Г.
_gСергей Г.
_4070
702 1 _aВибекинг
_bК. Ф.
_f1762-1842
_gКарл Фридрих фон
_4570
790 1 _6z17512
_aFedorov
_bS. G.
_gSergej G.
_4070
801 0 _aRU
_bNLR
_c20071018
_gRCR
801 1 _aRU
_bNLR
_c20071018
942 _cBOOK
980 _aNB